| 000 | 00567nmm a2200193Ia 4500 | ||
|---|---|---|---|
| 008 | 251105s9999||||xx |||||||||||||||||und|| | ||
| 020 | _a9788437081595 | ||
| 041 | _aspa | ||
| 100 | _aPascual, Pedro | ||
| 245 | 0 | _aSobre la se[c]ta mahometana | |
| 264 |
_a[Madrid, España] : _bPublicaciones de la Universidad de Valencia (PUV), _c2011 |
||
| 300 | _a298 páginas | ||
| 490 | _aParnaseo | ||
| 650 | _aReligion(s) | ||
| 700 | _aPascual, Pedro | ||
| 700 | 1 | _a González Muñoz, Fernando | |
| 856 | _uhttps://public.digitaliapublishing.com/a/35307 | ||
| 942 | _cCF | ||
| 999 |
_c69799 _d69799 |
||